|
|
|
|
| LEADER |
00000naa2a2200000 4500 |
| 001 |
387468 |
| 005 |
20231101063619.0 |
| 035 |
|
|
|a (RuTPU)RU\TPU\prd\17142
|
| 090 |
|
|
|a 387468
|
| 100 |
|
|
|a 20030909a2003 k y0rusy50 ca
|
| 101 |
0 |
|
|a rus
|
| 102 |
|
|
|a RU
|
| 200 |
1 |
|
|a Тепловизионная квалиметрия ограждающих конструкций зданий
|f С. С. Сидельников
|
| 225 |
1 |
|
|a Инфрокрасная термография
|
| 320 |
|
|
|a Библиогр.: 5 назв.
|
| 461 |
|
1 |
|0 (RuTPU)RU\TPU\prd\1155
|x 1609-3178
|t В мире неразрушающего контроля
|o Ежеквартальное журнальное обозрение
|d 2001-
|
| 463 |
|
1 |
|0 (RuTPU)RU\TPU\prd\16148
|t № 2
|v С. 26-29
|d 2003
|
| 610 |
1 |
|
|a инфракрасный контроль
|
| 610 |
1 |
|
|a диагностика
|
| 610 |
1 |
|
|a тепловизионная квалиметрия
|
| 610 |
1 |
|
|a конструкции зданий
|
| 700 |
|
1 |
|a Сидельников
|b С. С.
|
| 801 |
|
1 |
|a RU
|b 63413507
|c 20030909
|g PSBO
|
| 942 |
|
|
|c BK
|